00633nam a2200169 a 450000100100000000500170001000800410002702000180006804000250008608200190011110000330013024501080016326000380027130000210030950000600033050400730039000004471420260304092050.0150107s2014 dr 000 0 spa d a9789945141184 aDO-SdBNPbspacBNPHU axxxxxxbxxxxxx1 aOrtiz Bosch, Milagros, 1936-10aPRD-PLD :bmétodos de trabajo, días de construcción y años de olvido /cMilagros Ortíz Bosch. aSanto Domingo :bCorripio,c2014. a191 p. ;c23 cm. aIncluye datos biográficos de la autora en las solapas aIncluye referencias bibliográficas y notas al pie de las páginas